[Event "I Torneo Cecchina A"]
[Site "Roma ITA"]
[Date "1997.??.??"]
[Round "4"]
[White "Chiaretti, Roberto"]
[Black "Siraco, Maurizio"]
[Result "1/2-1/2"]
[WhiteElo "2150"]
[BlackElo "1911"]
[PlyCount "81"]
[EventDate "1997.??.??"]

1. e4 e6 2. d4 d5 3. e5 b6 4. c3 Qd7 5. Nf3 h5 6. Bg5 a5 7. Nbd2 Ba6 8. Bxa6
Nxa6 9. Qe2 Nb8 10. O-O Nc6 11. Rfd1 Be7 12. Nf1 Nh6 13. Ne3 Ng4 14. c4 Bxg5
15. Nxg5 Nxe3 16. fxe3 f6 17. cxd5 exd5 18. e6 Qe7 19. Qb5 O-O 20. Qxc6 fxg5
21. Qxd5 Rae8 22. Rf1 Rxf1+ 23. Rxf1 Qxe6 24. Qxe6+ Rxe6 25. Kf2 Rc6 26. Re1
Kf7 27. e4 Rc4 28. Ke3 a4 29. a3 Rc2 30. Re2 Rc1 31. Kd3 Ke7 32. Rf2 Rh1 33. h3
Rg1 34. Kc4 g4 35. hxg4 hxg4 36. Kb4 Rd1 37. Kc3 Rg1 38. Kb4 Rd1 39. Kc4 Rg1
40. Kd5 g3 41. Rc2 1/2-1/2

[Event "I Torneo Cecchina A"]
[Site "Roma ITA"]
[Date "1997.??.??"]
[Round "4"]
[White "De Blasio, Massimo"]
[Black "Solaroli, Riccardo"]
[Result "1/2-1/2"]
[WhiteElo "2250"]
[BlackElo "1663"]
[PlyCount "53"]
[EventDate "1997.??.??"]

1. e4 Nf6 2. e5 Nd5 3. d4 d6 4. Nf3 Bg4 5. Be2 c6 6. O-O e6 7. exd6 Bxd6 8. Ne5
Bxe2 9. Qxe2 O-O 10. Nd2 Nd7 11. Ndf3 c5 12. c4 N5f6 13. dxc5 Nxc5 14. b3 Qc7
15. Bb2 Rfd8 16. Rad1 h6 17. Rfe1 Qa5 18. Bd4 Nce4 19. Qc2 Nc5 20. Bc3 Qc7 21.
b4 Ncd7 22. Qe2 Nxe5 23. Nxe5 Rac8 24. Ng4 Nxg4 25. Qxg4 Bf8 26. c5 Rxd1 27.
Rxd1 1/2-1/2

[Event "I Torneo Cecchina A"]
[Site "Roma ITA"]
[Date "1997.??.??"]
[Round "4"]
[White "Esuperanzi, Gianbattista"]
[Black "Vignato, Giovanni"]
[Result "0-1"]
[WhiteElo "1600"]
[BlackElo "2150"]
[PlyCount "110"]
[EventDate "1997.??.??"]

1. e4 c6 2. d4 d5 3. exd5 cxd5 4. c4 Nf6 5. Nc3 Nc6 6. Nf3 Bg4 7. cxd5 Nxd5 8.
Qb3 Bxf3 9. gxf3 e6 10. Qxb7 Nxd4 11. Bb5+ Nxb5 12. Qxb5+ Qd7 13. Qxd7+ Kxd7
14. Nxd5 exd5 15. Bd2 Rb8 16. O-O-O Bc5 17. Bf4 Rb4 18. Be5 Rc4+ 19. Kb1 f6 20.
b3 Rh4 21. Bg3 Rh5 22. Rc1 d4 23. Rc4 Bb6 24. Re1 Re8 25. Re4 Rf5 26. a4 Rxf3
27. Rxe8 Kxe8 28. a5 Bxa5 29. Rxd4 Rxb3+ 30. Ka2 Rb4 31. Rd5 Bb6 32. Ka3 Rd4
33. Rh5 h6 34. Rb5 Rd2 35. f4 Bg1 36. Rb7 Kf8 37. Kb3 Bxh2 38. Bxh2 Rxh2 39.
Rxa7 Rf2 40. Ra4 h5 41. Kc3 h4 42. Kd3 h3 43. Ke3 h2 44. Ra1 Ra2 45. Rh1 Ra3+
46. Kf2 Rh3 47. Kg2 Rh6 48. Rxh2 Rxh2+ 49. Kxh2 g6 50. Kg1 Ke7 51. Kf2 Ke6 52.
Kg3 Kd5 53. Kg4 Ke4 54. f5 g5 55. Kg3 Kxf5 0-1

[Event "I Torneo Cecchina A"]
[Site "Roma ITA"]
[Date "1997.??.??"]
[Round "4"]
[White "Farina, Saverio"]
[Black "Barro, Carlo"]
[Result "0-1"]
[WhiteElo "2195"]
[BlackElo "1747"]
[PlyCount "144"]
[EventDate "1997.??.??"]

1. d4 g6 2. c4 Bg7 3. Nc3 d6 4. e4 Nf6 5. Nge2 c5 6. d5 Nbd7 7. Ng3 h5 8. Be2
h4 9. Nf1 Ne5 10. h3 a6 11. a4 Qa5 12. Bd2 Bh6 13. Bxh6 Rxh6 14. Qd2 Rh8 15.
Ne3 g5 16. Nf5 Bxf5 17. exf5 Rg8 18. Ne4 Qxd2+ 19. Nxd2 Kd7 20. Ra3 a5 21. Rb3
Kc7 22. Re3 Rg7 23. g4 hxg3 24. Rxg3 Rh7 25. Rxg5 Rg8 26. f4 Rxg5 27. fxg5 Nfg4
28. Bxg4 Nxg4 29. Ke2 Ne5 30. b3 Kd8 31. Nf3 Ke8 32. Nxe5 dxe5 33. Kf3 Rh4 34.
f6 exf6 35. gxf6 Rf4+ 36. Ke3 Kd7 37. h4 Rxf6 38. h5 Rh6 39. Ke4 f6 40. Rh3 Ke7
41. Kf5 Kd7 42. Rg3 Rxh5+ 43. Kxf6 Kd6 44. Kg6 Rh8 45. Kf5 Rh5+ 46. Ke4 Rh4+
47. Ke3 Rh6 48. Kf3 Rf6+ 49. Ke4 Rf4+ 50. Ke3 Rf6 51. Rg7 Rh6 52. Rxb7 Rh3+ 53.
Ke4 Rh4+ 54. Kf3 e4+ 55. Ke3 Ke5 56. Re7+ Kf5 57. d6 Rh3+ 58. Ke2 Rxb3 59. Rc7
Kf4 60. Rxc5 Re3+ 61. Kf2 Rf3+ 62. Kg2 Rg3+ 63. Kh2 Rg8 64. Rc7 e3 65. Re7 Kf3
66. c5 e2 67. Rxe2 Kxe2 68. c6 Kf2 69. Kh3 Kf3 70. Kh4 Kf4 71. Kh5 Ke5 72. d7
Kd6 0-1

[Event "I Torneo Cecchina A"]
[Site "Roma ITA"]
[Date "1997.??.??"]
[Round "4"]
[White "Franchi, Jose' Maria"]
[Black "Rossi De Gasperis, Pietro"]
[Result "1-0"]
[WhiteElo "1915"]
[BlackElo "1800"]
[PlyCount "63"]
[EventDate "1997.??.??"]

1. d4 e6 2. e4 d5 3. exd5 exd5 4. Nf3 Nf6 5. Bd3 Be7 6. O-O Bg4 7. c4 dxc4 8.
Bxc4 c6 9. Bxf7+ Kf8 10. Bb3 Bxf3 11. Qxf3 Qxd4 12. Nc3 Qg4 13. Qd3 Nbd7 14.
Be3 Ne5 15. Qe2 Qxe2 16. Nxe2 Nd3 17. Rfd1 Nc5 18. Bxc5 Bxc5 19. Nf4 Ne4 20.
Rd7 g6 21. Rad1 Bxf2+ 22. Kf1 Bb6 23. Ne6+ Ke8 24. Ng7+ Kf8 25. Ne6+ Ke8 26.
Ng7+ Kf8 27. Rf7+ Kg8 28. Rxb7+ Kf8 29. Rf7+ Kg8 30. Rxa7+ Kf8 31. Rxa8+ Kxg7
32. Rd7+ 1-0

[Event "I Torneo Cecchina A"]
[Site "Roma ITA"]
[Date "1997.??.??"]
[Round "4"]
[White "Gardon, Ermanno"]
[Black "Scacco, Mauro"]
[Result "0-1"]
[WhiteElo "1722"]
[BlackElo "2045"]
[PlyCount "56"]
[EventDate "1997.??.??"]

1. e4 e5 2. Nf3 Nc6 3. Bb5 Nf6 4. O-O d6 5. d4 exd4 6. Nxd4 Bd7 7. Bxc6 bxc6 8.
Nc3 Be7 9. f4 O-O 10. Kh1 c5 11. Nf3 Bc6 12. Qe1 Re8 13. e5 Bf8 14. Qg3 Nh5 15.
Qg4 g6 16. Ng5 Qc8 17. f5 Rxe5 18. Nxf7 Rxf5 19. Rxf5 Qxf5 20. Qxf5 gxf5 21.
Nh6+ Bxh6 22. Bxh6 Kf7 23. Re1 Rg8 24. Re2 Nf6 25. Bd2 h5 26. Kg1 Ng4 27. Nd1
Ne5 28. Kf1 Bb5 0-1

[Event "I Torneo Cecchina A"]
[Site "Roma ITA"]
[Date "1997.??.??"]
[Round "4"]
[White "Gatto, Mario"]
[Black "Colantonio, Marco"]
[Result "0-1"]
[WhiteElo "1543"]
[BlackElo "1543"]
[PlyCount "88"]
[EventDate "1997.??.??"]

1. d4 Nf6 2. c4 g6 3. Nc3 d5 4. Bg5 dxc4 5. Bxf6 exf6 6. Qa4+ c6 7. Qxc4 Be6 8.
Qa4 Nd7 9. Qd1 Qb6 10. Qd2 Rd8 11. e3 f5 12. Nh3 Bh6 13. f4 Nf6 14. Bd3 O-O 15.
O-O Rfe8 16. Na4 Qc7 17. Rac1 Ng4 18. b3 Bd5 19. Rce1 Bg7 20. Re2 Rxe3 21. Rxe3
Bxd4 22. Kh1 Nxe3 23. Rf2 Qe7 24. Re2 Re8 25. Nc3 Bxg2+ 26. Rxg2 Nxg2 27. Kxg2
Qh4 28. Ne2 Qg4+ 29. Ng3 c5 30. Be2 Qh4 31. Bf3 b6 32. b4 Re3 33. Qd1 Ra3 34.
Bd5 Qd8 35. Bb3 c4 36. Bxc4 Qa8+ 37. Kf1 Rf3+ 38. Ke1 Qe8+ 39. Ne2 Bc3+ 40. Qd2
Bxd2+ 41. Kxd2 Rxh3 42. Ng3 Rxh2+ 43. Kd1 Qd7+ 44. Ke1 Qd2+ 0-1

[Event "I Torneo Cecchina A"]
[Site "Roma ITA"]
[Date "1997.??.??"]
[Round "4"]
[White "Iatrino, Vincenzo"]
[Black "Dentale, Enrico"]
[Result "1/2-1/2"]
[WhiteElo "1767"]
[BlackElo "1600"]
[PlyCount "81"]
[EventDate "1997.??.??"]

1. e4 d6 2. d4 Nf6 3. Nc3 Bd7 4. Be2 e5 5. Nf3 Nc6 6. Bg5 h6 7. dxe5 hxg5 8.
exf6 gxf6 9. Nd5 Bg7 10. Qd2 Be6 11. Bc4 Qd7 12. Nd4 Ne5 13. Bb3 c6 14. Ne3 d5
15. exd5 cxd5 16. Qa5 Nc6 17. Nxc6 bxc6 18. O-O-O O-O 19. h4 g4 20. Qb4 a5 21.
Qf4 Rfb8 22. c3 Qb7 23. Rd2 f5 24. Qg5 a4 25. Bd1 Kf8 26. Nxf5 Bxf5 27. Qxf5 a3
28. Bb3 Bh6 29. Qh7 axb2+ 30. Kc2 Bxd2 31. Kxd2 b1=Q 32. Rxb1 Ke7 33. Re1+ Kd6
34. Qh6+ Kc5 35. Qe3+ Kd6 36. Qe5+ Kc5 37. Qd4+ Kd6 38. Qf6+ Kc5 39. Qd4+ Kd6
40. Qe5+ Kc5 41. Qd4+ 1/2-1/2

[Event "I Torneo Cecchina A"]
[Site "Roma ITA"]
[Date "1997.??.??"]
[Round "4"]
[White "Mastroddi, Emiliano"]
[Black "Quimi, Marco"]
[Result "1/2-1/2"]
[WhiteElo "1753"]
[BlackElo "2240"]
[PlyCount "87"]
[EventDate "1997.??.??"]

1. e4 c5 2. c3 e5 3. Nf3 Nc6 4. Bc4 Qc7 5. O-O Nf6 6. Ng5 Nd8 7. f4 Bd6 8. Qe2
Ne6 9. Nxf7 Kxf7 10. f5 Rf8 11. fxe6+ dxe6 12. d3 Kg8 13. Bg5 Be7 14. Nd2 Bd7
15. Rf3 b5 16. Bb3 h6 17. Bxf6 Rxf6 18. Raf1 Raf8 19. Rxf6 Rxf6 20. Rxf6 Bxf6
21. Qh5 Qb6 22. Kf1 Kf8 23. Nf3 c4 24. dxc4 Qe3 25. Qg4 Qd3+ 26. Ke1 h5 27.
Qxh5 Qxe4+ 28. Kf2 Qf4 29. Qh8+ Ke7 30. Qb8 Qc1 31. c5 Qxb2+ 32. Kg3 Qxc3 33.
Qd6+ Ke8 34. Bxe6 Bxe6 35. Qxe6+ Kf8 36. Qc8+ Ke7 37. Qc7+ Ke6 38. Qd6+ Kf7 39.
Qd7+ Kg6 40. Qe8+ Kf5 41. Qd7+ Ke4 42. c6 Qc1 43. c7 Qf4+ 44. Kh3 1/2-1/2

[Event "I Torneo Cecchina A"]
[Site "Roma ITA"]
[Date "1997.??.??"]
[Round "4"]
[White "Mastropietro, Marco"]
[Black "Corvi, Marco"]
[Result "0-1"]
[WhiteElo "1890"]
[BlackElo "2260"]
[PlyCount "58"]
[EventDate "1997.??.??"]

1. Nf3 f5 2. e4 fxe4 3. Ng5 Nf6 4. d3 e5 5. Nxe4 d5 6. Nxf6+ Qxf6 7. Qh5+ g6 8.
Qg5 Qxg5 9. Bxg5 Bg7 10. Nd2 O-O 11. Be2 Bf5 12. O-O Nd7 13. Rfe1 Rae8 14. c3
Nc5 15. Nf1 Bxd3 16. Bxd3 Nxd3 17. Re2 e4 18. Ne3 c6 19. Rb1 b5 20. Nc2 c5 21.
Be3 Rd8 22. b4 d4 23. Bg5 Rd5 24. Be7 Re8 25. Rxe4 Rd7 26. Rd1 Nb2 27. Rde1 d3
28. Bxc5 Rxe4 29. Rxe4 dxc2 0-1

[Event "I Torneo Cecchina A"]
[Site "Roma ITA"]
[Date "1997.??.??"]
[Round "4"]
[White "Medori, Marco"]
[Black "Capone, Gioacchino"]
[Result "1/2-1/2"]
[WhiteElo "1600"]
[BlackElo "1699"]
[PlyCount "128"]
[EventDate "1997.??.??"]

1. e4 e5 2. Nf3 Nc6 3. Bb5 a6 4. Bxc6 dxc6 5. O-O f6 6. d4 Bg4 7. c3 Bd6 8. Be3
Ne7 9. Nbd2 Qd7 10. dxe5 fxe5 11. h3 Bxf3 12. Nxf3 O-O-O 13. c4 c5 14. b4 Qc6
15. Qb3 Ng6 16. Ng5 Rd7 17. b5 Qb6 18. bxa6 Qxa6 19. Rfb1 b6 20. a4 Qa5 21. Nf3
Be7 22. Qc2 Rhd8 23. Rb5 Qa6 24. Rbb1 Qa5 25. Rb5 Qa6 26. a5 Rd3 27. Ne1 R3d6
28. Rbb1 bxa5 29. Rb5 Rb6 30. Rbxa5 Qb7 31. Ra8+ Kd7 32. Rd1+ Rd6 33. Rxd8+
Kxd8 34. Bxc5 Rxd1 35. Qxd1+ Ke8 36. Be3 Qxe4 37. c5 c6 38. Nf3 Qc4 39. Qa1 Qd5
40. Qa8+ Kf7 41. Qb7 h6 42. Qc8 Kf6 43. Nd2 Nf4 44. Qg4 g5 45. Qf3 Qxf3 46.
Nxf3 Nd3 47. Nd2 Ke6 48. Ne4 Kd5 49. f3 Bxc5 50. Nxc5 Nxc5 51. h4 Ne6 52. Kf2
e4 53. g3 c5 54. hxg5 hxg5 55. f4 gxf4 56. gxf4 Ng7 57. Ke2 Nf5 58. Bf2 c4 59.
Kd2 Kc6 60. Kc3 Kb5 61. Bd4 e3 62. Ba7 e2 63. Bf2 Ne3 64. Kd2 Nd1 1/2-1/2

[Event "I Torneo Cecchina A"]
[Site "Roma ITA"]
[Date "1997.??.??"]
[Round "4"]
[White "Moroni, Marco"]
[Black "Luzi, Alessandro"]
[Result "0-1"]
[WhiteElo "1806"]
[BlackElo "1540"]
[PlyCount "118"]
[EventDate "1997.??.??"]

1. e4 d6 2. d4 Nf6 3. Nc3 g6 4. Nf3 Bg7 5. Be2 O-O 6. O-O Bg4 7. Bg5 h6 8. Be3
Nbd7 9. e5 dxe5 10. dxe5 Bxf3 11. Bxf3 Nxe5 12. Qe2 c6 13. Rad1 Qa5 14. Rfe1
Nxf3+ 15. Qxf3 Rad8 16. Bd2 Qc7 17. Bf4 Rxd1 18. Nxd1 Qd7 19. Nc3 Rd8 20. h3
Nh5 21. Be3 b6 22. Rd1 Qc8 23. Rxd8+ Qxd8 24. Qxc6 Bxc3 25. Qxc3 Kh7 26. Bd2
Qd6 27. Qe3 g5 28. Qe4+ Kg7 29. Bc3+ Nf6 30. Qe1 e6 31. Be5 Qc5 32. Qc3 Qxc3
33. Bxc3 Kg6 34. Bxf6 Kxf6 35. f3 Ke5 36. Kf2 Kd4 37. g4 f5 38. gxf5 exf5 39.
Ke2 h5 40. Kf2 g4 41. h4 b5 42. a3 g3+ 43. Kxg3 Ke3 44. c3 f4+ 45. Kg2 a5 46.
b3 Kd3 47. a4 bxa4 48. bxa4 Kxc3 49. Kf2 Kb3 50. Ke2 Kxa4 51. Kd3 Kb3 52. Ke4
a4 53. Kxf4 a3 54. Kg5 a2 55. Kxh5 a1=Q 56. Kg5 Qg7+ 57. Kf5 Kc4 58. h5 Kd5 59.
f4 Qd4 0-1

[Event "I Torneo Cecchina A"]
[Site "Roma ITA"]
[Date "1997.??.??"]
[Round "4"]
[White "Ottavi, Marco"]
[Black "De Blasio, Alessandro"]
[Result "1/2-1/2"]
[WhiteElo "1945"]
[BlackElo "1570"]
[PlyCount "52"]
[EventDate "1997.??.??"]

1. e4 c5 2. Nf3 d6 3. d4 cxd4 4. Nxd4 Nf6 5. Nc3 g6 6. Be3 Bg7 7. f3 O-O 8. Qd2
Nc6 9. Bc4 Bd7 10. h4 Ne5 11. Bb3 Qa5 12. O-O-O Rfc8 13. Kb1 Nc4 14. Bxc4 Rxc4
15. Nb3 Qe5 16. h5 Rac8 17. Bd4 Qe6 18. hxg6 fxg6 19. g4 Qf7 20. Rh2 b5 21. Qg5
b4 22. Nd5 Be6 23. Nxf6+ Bxf6 24. Bxf6 exf6 25. Qh6 d5 26. exd5 Rd8 1/2-1/2

[Event "I Torneo Cecchina A"]
[Site "Roma ITA"]
[Date "1997.??.??"]
[Round "4"]
[White "Palombi, Roberto"]
[Black "Scagliarini, Valentina"]
[Result "1-0"]
[WhiteElo "2055"]
[BlackElo "1642"]
[PlyCount "51"]
[EventDate "1997.??.??"]

1. f4 e6 2. Nf3 d5 3. e3 Nf6 4. b3 Be7 5. Bb2 c5 6. Be2 Nc6 7. O-O O-O 8. Qe1
Ne4 9. d3 Nd6 10. Ne5 Nxe5 11. fxe5 Nf5 12. Bg4 Nh6 13. Bh3 f5 14. Nd2 Qe8 15.
Qe2 g5 16. g3 Qg6 17. Rf2 g4 18. Bg2 Nf7 19. c4 dxc4 20. Nxc4 h5 21. e4 h4 22.
Re1 Nh6 23. Bc1 Bg5 24. exf5 Rxf5 25. Rxf5 Nxf5 26. Qxg4 1-0

[Event "I Torneo Cecchina A"]
[Site "Roma ITA"]
[Date "1997.??.??"]
[Round "4"]
[White "Papetti, Francesco"]
[Black "Vanzan, Alessandro"]
[Result "0-1"]
[WhiteElo "1780"]
[BlackElo "1528"]
[PlyCount "78"]
[EventDate "1997.??.??"]

1. d4 Nf6 2. c4 g6 3. Nc3 Bg7 4. Nf3 O-O 5. e4 d6 6. Be2 e5 7. dxe5 dxe5 8.
Qxd8 Rxd8 9. Bg5 Re8 10. O-O-O h6 11. Bh4 g5 12. Bg3 Nbd7 13. Nb5 Re7 14. Nxc7
Rb8 15. Nd5 Nxd5 16. Rxd5 f6 17. h4 g4 18. Nh2 h5 19. f3 b6 20. Rhd1 Bh6+ 21.
Kb1 Nc5 22. Rd8+ Kh7 23. Bf2 Ne6 24. R8d6 Nf4 25. Bf1 f5 26. g3 Nh3 27. Bxh3
gxh3 28. Nf1 fxe4 29. fxe4 Bg4 30. Re1 Rf7 31. Be3 Bxe3 32. Nxe3 Rf2 33. Nxg4
hxg4 34. Kc1 h2 35. Rd7+ Kg8 36. Re7 Rbf8 37. Rxe5 R8f7 38. Rf5 R7xf5 39. exf5
Rg2 0-1

[Event "I Torneo Cecchina A"]
[Site "Roma ITA"]
[Date "1997.??.??"]
[Round "4"]
[White "Passali, Giovanni"]
[Black "Marotta, Michele"]
[Result "1-0"]
[WhiteElo "1633"]
[BlackElo "1600"]
[PlyCount "125"]
[EventDate "1997.??.??"]

1. d4 d5 2. c4 c6 3. Nf3 Nf6 4. Nc3 e6 5. Bg5 Bd6 6. e3 Nbd7 7. Rc1 O-O 8. a3
a5 9. Bd3 Qc7 10. O-O dxc4 11. Bxc4 Ng4 12. h3 Ngf6 13. Ba2 e5 14. Nb5 Qb8 15.
Nxd6 Qxd6 16. dxe5 Qxd1 17. Rfxd1 Ne4 18. e6 Ndf6 19. exf7+ Kh8 20. Bxf6 Nxf6
21. Rd2 Bf5 22. Rcd1 Rab8 23. Nd4 Bd7 24. Be6 Bxe6 25. Nxe6 Rxf7 26. Rd8+ Rxd8
27. Rxd8+ Ng8 28. Kf1 Re7 29. Nd4 g6 30. Ra8 c5 31. Nb3 b6 32. Rb8 Re6 33. Nd2
Kg7 34. Nc4 Nf6 35. Rxb6 Re7 36. Nxa5 Re5 37. Nc4 Nd5 38. Rb7+ Re7 39. Rxe7+
Nxe7 40. b4 cxb4 41. axb4 Kf6 42. Ke2 Nd5 43. e4 Nxb4 44. f4 Ke6 45. g4 h6 46.
f5+ gxf5 47. gxf5+ Kf6 48. Ke3 Nc2+ 49. Kf4 Nd4 50. e5+ Ke7 51. Ke4 Ne2 52. Ne3
Ng3+ 53. Kd5 Nh5 54. f6+ Nxf6+ 55. exf6+ Kxf6 56. Ke4 Kg5 57. Kf3 Kh4 58. Kg2
Kh5 59. Kg3 Kg5 60. h4+ Kh5 61. Nd5 Kg6 62. Kg4 h5+ 63. Kf4 1-0

[Event "I Torneo Cecchina A"]
[Site "Roma ITA"]
[Date "1997.??.??"]
[Round "4"]
[White "Rotondi, Paolo"]
[Black "Orazi, Carlo"]
[Result "1/2-1/2"]
[WhiteElo "1660"]
[BlackElo "1600"]
[PlyCount "33"]
[EventDate "1997.??.??"]

1. c4 e5 2. Nc3 f5 3. d4 e4 4. e3 Nf6 5. Nge2 c6 6. Qb3 d5 7. Nf4 Bd6 8. cxd5
Bxf4 9. exf4 cxd5 10. Bb5+ Nc6 11. Be3 Qd6 12. h3 Bd7 13. Be2 Qb4 14. Qxb4 Nxb4
15. Kd2 Kf7 16. a3 Nc6 17. b4 1/2-1/2

[Event "I Torneo Cecchina A"]
[Site "Roma ITA"]
[Date "1997.??.??"]
[Round "4"]
[White "Scagliarini, Bruno"]
[Black "Ridolfi, Raffaele"]
[Result "1/2-1/2"]
[WhiteElo "1974"]
[BlackElo "1633"]
[PlyCount "62"]
[EventDate "1997.??.??"]

1. c4 Nf6 2. g3 g6 3. Bg2 c6 4. d4 d5 5. b3 Bg7 6. Nf3 O-O 7. O-O Bf5 8. Nh4
Be4 9. f3 Bxb1 10. Rxb1 e6 11. Bh3 Re8 12. Bb2 Nbd7 13. f4 Ne4 14. Nf3 Qa5 15.
Qc2 f5 16. a3 Rac8 17. b4 Qc7 18. c5 Ra8 19. a4 a6 20. e3 b5 21. axb5 axb5 22.
Ra1 Qb7 23. Rfb1 Rxa1 24. Rxa1 Ra8 25. Qb1 Nb8 26. Ra2 Rxa2 27. Qxa2 Qa6 28.
Qa5 Qxa5 29. bxa5 Bf6 30. Ne5 Bxe5 31. fxe5 Nd2 1/2-1/2

[Event "I Torneo Cecchina A"]
[Site "Roma ITA"]
[Date "1997.??.??"]
[Round "4"]
[White "Spano' Cuomo, Gaetano"]
[Black "Minerva, Enzo"]
[Result "1-0"]
[WhiteElo "1641"]
[BlackElo "1809"]
[PlyCount "87"]
[EventDate "1997.??.??"]

1. d4 Nf6 2. c4 e5 3. d5 Bc5 4. Nc3 O-O 5. e4 d6 6. Be2 a6 7. h3 c6 8. Nf3 b5
9. dxc6 Nxc6 10. Bg5 Nd4 11. O-O Nxe2+ 12. Qxe2 bxc4 13. Nd5 Kh8 14. Nh2 Be6
15. Ng4 Bxg4 16. hxg4 Qd7 17. Nxf6 Qe6 18. Nd5 Rac8 19. Be3 Bd4 20. f4 f6 21.
f5 Qd7 22. Bxd4 exd4 23. Nb6 Qa7 24. Nxc8 Rxc8 25. Qf2 Qc5 26. Rfd1 d3 27. Qxc5
Rxc5 28. Rac1 a5 29. b3 d5 30. exd5 Rxd5 31. Rxc4 h5 32. gxh5 g6 33. hxg6 a4
34. Rxa4 d2 35. g4 Kg7 36. Kf2 Rd3 37. Ke2 Rg3 38. Rxd2 Rg2+ 39. Ke3 Rg3+ 40.
Kf4 Rxg4+ 41. Kxg4 Kh6 42. Rd8 Kg7 43. Ra7+ Kh6 44. Rh7# 1-0

[Event "I Torneo Cecchina A"]
[Site "Roma ITA"]
[Date "1997.??.??"]
[Round "4"]
[White "Tosoni, Augusto"]
[Black "Marzano, Carlo"]
[Result "1/2-1/2"]
[WhiteElo "2116"]
[BlackElo "2160"]
[PlyCount "83"]
[EventDate "1997.??.??"]

1. e4 g6 2. d4 Bg7 3. f4 d6 4. c3 Nf6 5. e5 Nd5 6. Qf3 dxe5 7. fxe5 O-O 8. Bc4
Nb6 9. Bb3 c5 10. Ne2 Nc6 11. Be3 cxd4 12. cxd4 Na5 13. O-O Nxb3 14. axb3 Qd5
15. Qg3 Qxb3 16. Nd2 Qb5 17. Nc3 Qd7 18. Ra5 Qg4 19. Qf2 f6 20. h3 Qf5 21. Qe2
Qc2 22. exf6 exf6 23. Rc5 Bf5 24. Rfxf5 gxf5 25. Nd5 Qa4 26. Ne7+ Kh8 27. Nxf5
Rf7 28. Ne4 Raf8 29. Ned6 Rd7 30. Qh5 Qb3 31. Ne8 Rg8 32. Nexg7 Rdxg7 33. g4
Qd1+ 34. Kf2 Qa4 35. Nxg7 Rxg7 36. Bh6 Qxd4+ 37. Kg3 Qg1+ 38. Kf3 Qf1+ 39. Kg3
Qg1+ 40. Kf3 Qf1+ 41. Kg3 Qe1+ 42. Kf3 1/2-1/2

[Event "I Torneo Cecchina A"]
[Site "Roma ITA"]
[Date "1997.??.??"]
[Round "4"]
[White "Vannelli, Vittorio"]
[Black "Abuhamdieh, Arafat"]
[Result "1-0"]
[WhiteElo "1636"]
[BlackElo "1294"]
[PlyCount "25"]
[EventDate "1997.??.??"]

1. e4 e5 2. Nf3 Nc6 3. Bc4 Nf6 4. Ng5 d5 5. exd5 Nxd5 6. Nxf7 Kxf7 7. Qf3+ Ke6
8. Nc3 Ncb4 9. d4 Nxc2+ 10. Kd1 Nxa1 11. Bxd5+ Kd7 12. Qf5+ Kd6 13. Qxe5+ 1-0

[Event "I Torneo Cecchina A"]
[Site "Roma ITA"]
[Date "1997.??.??"]
[Round "5"]
[White "Abuhamdieh, Arafat"]
[Black "Marotta, Michele"]
[Result "1-0"]
[WhiteElo "1294"]
[BlackElo "1600"]
[PlyCount "109"]
[EventDate "1997.??.??"]

1. e4 d6 2. d4 Nf6 3. Nc3 g6 4. h3 Bg7 5. Be3 Nc6 6. Qd2 e5 7. d5 Ne7 8. Be2
O-O 9. Bh6 Nd7 10. Bxg7 Kxg7 11. g4 Nc5 12. h4 h6 13. h5 g5 14. Nh3 Ng8 15. f3
Qe7 16. O-O-O a6 17. Rhg1 b5 18. b4 Nd7 19. Kb2 Nb6 20. Kb3 Bd7 21. Qe3 Rfb8
22. Qd2 a5 23. a3 Nc4 24. Bxc4 bxc4+ 25. Kxc4 axb4 26. axb4 Qe8 27. Ra1 f6 28.
Nf2 Ne7 29. Rgb1 Nc8 30. Kd3 Bb5+ 31. Nxb5 Qxb5+ 32. c4 Qb6 33. Qb2 Rxa1 34.
Rxa1 Qxb4 35. Qxb4 Rxb4 36. Kc3 Rb8 37. Nd3 Kf7 38. c5 dxc5 39. Nxc5 Rb5 40.
Ne6 Nd6 41. Ra7 Rb7 42. Rxb7 Nxb7 43. Nxc7 Ke7 44. Kb4 Kd7 45. Ne6 Kd6 46. Kb5
Ke7 47. Ng7 Nd6+ 48. Kc5 Nf7 49. Nf5+ Kd7 50. d6 Nd8 51. Nxh6 Nb7+ 52. Kd5 Nxd6
53. Ng8 Ne8 54. h6 Nc7+ 55. Kc4 1-0

[Event "I Torneo Cecchina A"]
[Site "Roma ITA"]
[Date "1997.??.??"]
[Round "5"]
[White "Barro, Carlo"]
[Black "Palombi, Roberto"]
[Result "0-1"]
[WhiteElo "1747"]
[BlackElo "2055"]
[PlyCount "86"]
[EventDate "1997.??.??"]

1. Nf3 Nf6 2. d4 g6 3. c4 c5 4. d5 d6 5. Nc3 Bg7 6. e4 O-O 7. Be2 e5 8. O-O h6
9. Ne1 a6 10. Be3 Nbd7 11. Nc2 Kh7 12. a3 Rb8 13. b4 b6 14. Rb1 Qc7 15. Na1 b5
16. bxc5 Nxc5 17. Qc2 Ncxe4 18. Nxe4 Nxe4 19. Qxe4 Bf5 20. Qh4 Bxb1 21. Rxb1
bxc4 22. Rc1 Qa5 23. Nc2 f5 24. f4 Qxd5 25. fxe5 f4 26. Bf3 Qf7 27. Bd4 dxe5
28. Bc3 Rb3 29. Bb4 Re8 30. Be4 a5 31. Bc5 Rc8 32. Bf2 Qe6 33. g4 Kh8 34. Rd1
Rd3 35. Bxd3 cxd3 36. Rxd3 Rxc2 37. g5 Kh7 38. gxh6 Bf6 39. Qh3 Qxh3 40. Rxh3
e4 41. Bb6 Rb2 42. Bxa5 Bd4+ 43. Kf1 f3 0-1

[Event "I Torneo Cecchina A"]
[Site "Roma ITA"]
[Date "1997.??.??"]
[Round "5"]
[White "Capone, Gioacchino"]
[Black "Gatto, Mario"]
[Result "1-0"]
[WhiteElo "1699"]
[BlackElo "1543"]
[PlyCount "109"]
[EventDate "1997.??.??"]

1. e4 c5 2. Nf3 d6 3. d4 cxd4 4. Nxd4 Nf6 5. Nc3 a6 6. Bg5 e6 7. f4 Be7 8. Qf3
Qc7 9. O-O-O O-O 10. g4 Nc6 11. Nb3 b5 12. a3 Bb7 13. Bxf6 Bxf6 14. g5 Bxc3 15.
Qxc3 Rac8 16. h4 Na7 17. Qxc7 Rxc7 18. Bg2 Rd8 19. Rd2 Kf8 20. Rhd1 Ke7 21. Nd4
g6 22. f5 Nc8 23. fxe6 fxe6 24. Rf1 Rg8 25. Rdf2 Rg7 26. Rf6 Rc4 27. Nxe6 Rg8
28. b3 Bxe4 29. bxc4 Bxg2 30. Re1 Kd7 31. Nf4 Ba8 32. cxb5 axb5 33. Rf7+ Kc6
34. Rxh7 Nb6 35. Rh6 Nc4 36. Rxg6 Rb8 37. Ree6 Kc5 38. Nd3+ Kd4 39. Nb2 Nxa3
40. Rxd6+ Kc3 41. Rd3+ Kb4 42. Rb3+ Kc5 43. Rxa3 b4 44. Ra5+ Kd4 45. Rd6+ Ke3
46. Nc4+ Kf4 47. g6 Be4 48. g7 b3 49. cxb3 Rxb3 50. g8=Q Rb1+ 51. Kd2 Rh1 52.
Qf7+ Kg3 53. Rg5+ Kh3 54. Qe6+ Kxh4 55. Qg4# 1-0

[Event "I Torneo Cecchina A"]
[Site "Roma ITA"]
[Date "1997.??.??"]
[Round "5"]
[White "Colantonio, Marco"]
[Black "Arabito, Giuseppe"]
[Result "1-0"]
[WhiteElo "1543"]
[BlackElo "1558"]
[PlyCount "71"]
[EventDate "1997.??.??"]

1. e4 e5 2. f4 exf4 3. Nf3 d5 4. exd5 Nf6 5. d4 Bb4+ 6. c3 Bd6 7. c4 O-O 8. Be2
Re8 9. O-O c6 10. c5 Bf8 11. d6 Bg4 12. Bxf4 Nbd7 13. Nbd2 b6 14. Nb3 Nd5 15.
Bg3 Ne3 16. Qd2 Nxf1 17. Rxf1 Nf6 18. Bh4 Bxf3 19. Bxf3 Qd7 20. Bxf6 gxf6 21.
Qf4 Bg7 22. Bg4 Qd8 23. Bf5 Re2 24. d7 Qe7 25. d5 Rxb2 26. dxc6 Rxb3 27. Qd6
Qe3+ 28. Kh1 Rc3 29. c7 Rxc5 30. d8=Q+ Qe8 31. Qxe8+ Rxe8 32. Qd8 Rce5 33. c8=Q
Bf8 34. Qxf6 Bg7 35. Qh4 h6 36. g4 1-0

[Event "I Torneo Cecchina A"]
[Site "Roma ITA"]
[Date "1997.??.??"]
[Round "5"]
[White "Corvi, Marco"]
[Black "Chiaretti, Roberto"]
[Result "1/2-1/2"]
[WhiteElo "2260"]
[BlackElo "2150"]
[PlyCount "103"]
[EventDate "1997.??.??"]

1. e4 e6 2. d3 d5 3. Nd2 Nf6 4. Ngf3 Nc6 5. c3 a5 6. e5 Nd7 7. d4 f6 8. Bb5
fxe5 9. dxe5 Be7 10. O-O O-O 11. Qe2 Nc5 12. Nb3 Nxb3 13. axb3 Bd7 14. Bd3 Be8
15. Nd4 Nxd4 16. cxd4 Bf7 17. Qg4 Kh8 18. f4 Qe8 19. Bd2 b6 20. f5 Bh5 21. Qh3
exf5 22. Bxf5 Rd8 23. Qd3 Bg6 24. Bxg6 Qxg6 25. Qxg6 hxg6 26. Be3 Rc8 27. Rfc1
c6 28. Rc2 Rc7 29. Rf1 Kg8 30. Rf3 Rxf3 31. gxf3 Kf7 32. Kf2 Ke6 33. Ke2 c5 34.
Kd3 Rc6 35. Rc1 Kf5 36. Rc2 Rc8 37. Rc1 Bg5 38. Bxg5 Kxg5 39. Rg1+ Kf5 40. h4
Rc6 41. Ke3 cxd4+ 42. Kxd4 Rc2 43. Rg5+ Kf4 44. Kxd5 Rxb2 45. e6 Rxb3 46. e7
Re3 47. Kd6 a4 48. Rb5 a3 49. Rxb6 Kxf3 50. Kd7 Rd3+ 51. Ke8 Kg4 52. Rb4+
1/2-1/2